000 00702nam a2200253Ia 4500
003 OSt
005 20220918215916.0
006 a|||||r|||| 00| 0
007 ta
008 220917b |||||||| |||| 00| 0 eng d
024 _a143,318
037 _cTextual
040 _aARTS
_cARTS
_beng
041 _2eng
_aeng
082 _aY15-31.247, M2
100 _aAwasty Indira
_9135802
245 0 _aRural women of India
_b A socio-economic profile of Jammu women
260 _aDelhi
_bB R Publications
_c1982
300 _a482p.
_ccm.
500 _aAppndix p387-476 (A-B)
650 _aSOCIOLOGY
942 _hY15-31.247, M2
_cTEXL
_2CC
999 _c266271
_d266271